000 00794nam a2200229Ii 4500
003 JO-AjNU
005 20240708113449.0
008 230605s9999||||xx |||||||||||||| ||und||
040 _aJO-AjNU
_bara
_erda
_cJO-AjNU
041 _aara
050 1 4 _aDP115.A2222 1980
100 3 _aتاليف، طه، عبد الواحد ذنون,
_eauthor
_97696
245 0 0 _a حركة المقاومة العربية الاسلامية في الاندلس بعد سقوط غرناطة
250 _aط1
264 3 1 _aبيروت: دار المدار الاسلامي، 1980
300 _a86ص
336 _atext
_btxt
_2rdacontent
337 _aunmediated
_bn
_2rdamedia
338 _avolume
_bnc
_2rdacarrier
650 4 _aالاسلام- الاندلس - الاسلام- تاريخ
_97697
942 _2lcc
_cBK
999 _c3979
_d3979